<?xml version="1.0" encoding="UTF-8"?>
<record
    xmlns:xsi="http://www.w3.org/2001/XMLSchema-instance"
    xsi:schemaLocation="http://www.loc.gov/MARC21/slim http://www.loc.gov/standards/marcxml/schema/MARC21slim.xsd"
    xmlns="http://www.loc.gov/MARC21/slim">

  <leader>00575nam a22001217a 4500</leader>
  <datafield tag="040" ind1=" " ind2=" ">
    <subfield code="c">RUA</subfield>
  </datafield>
  <datafield tag="082" ind1=" " ind2=" ">
    <subfield code="a">AVM SAV 2025 B705 Or.1</subfield>
  </datafield>
  <datafield tag="100" ind1=" " ind2=" ">
    <subfield code="a">SAVORN SARAY,&#x179F;&#x17B6;&#x179C;&#x1793; &#x179F;&#x17B6;&#x179A;&#x17B6;&#x1799;</subfield>
  </datafield>
  <datafield tag="245" ind1=" " ind2=" ">
    <subfield code="a">Gastro-intestinal parasites in chicken at rohas commune,rovieng district, preah vihear province, &#x1794;&#x179A;&#x17B6;&#x179F;&#x17B7;&#x178F;&#x1780;&#x17D2;&#x1793;&#x17BB;&#x1784;&#x1794;&#x17D2;&#x179A;&#x178A;&#x17B6;&#x1794;&#x17CB;&#x179A;&#x17C6;&#x179B;&#x17B6;&#x1799;&#x17A2;&#x17B6;&#x17A0;&#x17B6;&#x179A;&#x1798;&#x17B6;&#x1793;&#x17CB;&#x1793;&#x17C5;&#x1783;&#x17BB;&#x17C6;&#x179A;&#x17A0;&#x17D0;&#x179F; &#x179F;&#x17D2;&#x179A;&#x17BB;&#x1780;&#x179A;&#x179C;&#x17C0;&#x1784; &#x1781;&#x17C1;&#x178F;&#x17D2;&#x178F;&#x1796;&#x17D2;&#x179A;&#x17C7;&#x179C;&#x17B7;&#x17A0;&#x17B6;&#x179A;</subfield>
  </datafield>
  <datafield tag="260" ind1=" " ind2=" ">
    <subfield code="a">PHNOM PENH</subfield>
    <subfield code="b">RUA</subfield>
    <subfield code="c">2025</subfield>
  </datafield>
  <datafield tag="300" ind1=" " ind2=" ">
    <subfield code="a">xi,49p.</subfield>
    <subfield code="b">ill.</subfield>
    <subfield code="c">29cm.</subfield>
  </datafield>
  <datafield tag="942" ind1=" " ind2=" ">
    <subfield code="c">AVM</subfield>
  </datafield>
  <datafield tag="999" ind1=" " ind2=" ">
    <subfield code="c">25818</subfield>
    <subfield code="d">25818</subfield>
  </datafield>
  <datafield tag="952" ind1=" " ind2=" ">
    <subfield code="0">0</subfield>
    <subfield code="1">0</subfield>
    <subfield code="4">0</subfield>
    <subfield code="6">AVM_SAV_2025_000000000000000_B705_OR_1</subfield>
    <subfield code="7">0</subfield>
    <subfield code="9">106510</subfield>
    <subfield code="a">LBB</subfield>
    <subfield code="b">ML</subfield>
    <subfield code="c">B705</subfield>
    <subfield code="d">2026-05-26</subfield>
    <subfield code="l">1</subfield>
    <subfield code="o">AVM SAV 2025 B705 Or.1</subfield>
    <subfield code="p">B713000</subfield>
    <subfield code="q">2026-07-31</subfield>
    <subfield code="r">2026-06-26</subfield>
    <subfield code="s">2026-06-26</subfield>
    <subfield code="y">AVM</subfield>
  </datafield>
  <datafield tag="952" ind1=" " ind2=" ">
    <subfield code="0">0</subfield>
    <subfield code="1">0</subfield>
    <subfield code="4">0</subfield>
    <subfield code="6">AVM_SAV_2025_000000000000000_B705_OR_2</subfield>
    <subfield code="7">0</subfield>
    <subfield code="9">106511</subfield>
    <subfield code="a">LBB</subfield>
    <subfield code="b">LBB</subfield>
    <subfield code="c">B705</subfield>
    <subfield code="d">2026-05-26</subfield>
    <subfield code="o">AVM SAV 2025 B705 Or.2</subfield>
    <subfield code="p">B712297</subfield>
    <subfield code="r">2026-05-26</subfield>
    <subfield code="y">AVM</subfield>
  </datafield>
</record>
